000 01734nam a2200421 a 4500
001 ebr10479681
003 CaPaEBR
006 m u
007 cr cn|||||||||
008 020529s2002 enk sb 001 0 eng d
010 _z 2002008377
020 _z0745319572
020 _z0745319564 (pbk.)
020 _z9780745319575
020 _z9781849641685 (e-book)
040 _aCaPaEBR
_cCaPaEBR
035 _a(OCoLC)656265212
043 _aa-is---
050 1 4 _aDS119.76
_b.E56 2002eb
082 0 4 _a956.04
_221
100 1 _aEllis, Marc H.
245 1 0 _aIsrael and Palestine out of the ashes
_h[electronic resource] :
_bthe search for Jewish identity in the twenty-first century /
_cMarc H. Ellis.
260 _aLondon ;
_aSterling, Va. :
_bPluto Press,
_c2002.
300 _axi, 198 p.
504 _aIncludes bibliographical references and index.
505 0 _aJewish memory in the post-Holocaust era -- Innocence, settlers and state policy -- The prophetic in the post-Holocaust era -- A Jewish witness in exile.
533 _aElectronic reproduction.
_bPalo Alto, Calif. :
_cebrary,
_d2013.
_nAvailable via World Wide Web.
_nAccess may be limited to ebrary affiliated libraries.
650 0 _aArab-Israeli conflict
_xMoral and ethical aspects.
650 0 _aHolocaust, Jewish (1939-1945)
_xInfluence.
650 0 _aJudaism and politics.
650 0 _aJewish ethics.
651 0 _aIsrael
_xMoral conditions.
651 0 _aIsrael
_xPolitics and government.
651 0 _aIsrael
_xEthnic relations.
655 7 _aElectronic books.
_2local
710 2 _aebrary, Inc.
856 4 0 _uhttp://site.ebrary.com/lib/rucke/Doc?id=10479681
_zAn electronic book accessible through the World Wide Web; click to view
999 _c219511
_d219511